Introducción a la topología algebraica /
Guardado en:
| Autor Principal: | |
|---|---|
| Formato: | Libro |
| Idioma: | Spanish English |
| Publicado: |
Madrid ; Buenos Aires :
Alhambra,
1971.
|
| Series: | Exedra ;
75 |
| Etiquetas: |
Agregar Etiqueta
Sin Etiquetas, Sea el primero en etiquetar este registro!
|
| LEADER | 00938nam a22002175a 4500 | ||
|---|---|---|---|
| 001 | MAT.inmabb003211 | ||
| 008 | 051102s1971####sp#######b####001#0#spa#d | ||
| 005 | 20130226164922.0 | ||
| 245 | 1 | 0 | |a Introducción a la topología algebraica / |c John W. Keesee ; versión española de Guillermo Fleitas Morales. |
| 260 | |a Madrid ; |a Buenos Aires : |b Alhambra, |c 1971. | ||
| 300 | |a vii, 148 p. ; |c 20 cm. | ||
| 490 | 1 | |a Exedra ; |v 75. |a Sección 10, Matemáticas ; |v 7 | |
| 500 | |a Traducción de: An introduction to algebraic topology. Brooks/Cole, 1970. | ||
| 504 | |a Bibliografía: p. 145. | ||
| 505 | 8 | |a Capítulos: 1. Los grupos de homología de un complejo simplicial -- 2. Grupos de homología de un poliedro -- 3. Aplicaciones elementales. | |
| 100 | 1 | |a Keesee, John W. | |
| 240 | 1 | 3 | |a An introduction to algebraic topology. |l Español |
| 830 | 0 | |a Exedra ; |v 75 | |
| 084 | |a 55-01 |2 msc2000 | ||
| 041 | 1 | |a spa |h eng | |
| 859 | |h 55 |i K26 |p A-4600 |b BIB. MATEMATICA | ||
